000
00338pab a2200145 454500
008
180718b1983 xxu||||| |||| 00| 0 eng d
100
_a
Deshpande, Anjali
245
_a
Post - repe ordeal of a victim
260
_c
1983
300
_a
25-6
362
_a
16 Apr.
650
_a
Sex Crimes - India
773
_a
Mainstream
909
_a
18067
999
_c
18067
_d
18067